000 00357pab a2200145 454500
008 180718b1989 xxu||||| |||| 00| 0 eng d
100 _aPrystrom, Janusz
245 _aTowards confidence and security
260 _c1989
300 _a6-9
362 _aJune
650 _aArmaments, Limitation Of
773 _aMonthly Public Opinion Surveys
909 _a3995
999 _c3995
_d3995